Estadísticas para Top 5 Países con el Mayor Número de Medallas en los Juegos Olímpicos por Continente

Haz click aquí para tomar la prueba!

Estadísticas generales

  • Esta prueba ha sido tomada 1,211 veces
  • La puntuación promedio es 25 de 29

Estadísticas de respuestas

Continente Medallas País % Correcto
América del Norte2,802Estados Unidos
99%
Asia596China
98%
Oceanía509Australia
98%
Europa1,067Alemania / Alemania Occidental
98%
América del Norte472Canadá
98%
Europa822Francia
98%
América del Sur128Brasil
97%
Asia484Japón
97%
América del Norte67México
97%
Oceanía118Nueva Zelanda
96%
América del Sur74Argentina
96%
Europa873Gran Bretaña
95%
Europa691Italia
95%
América del Sur27Colombia
93%
América del Sur13Chile
93%
África86Sudáfrica
92%
América del Sur15Venezuela
90%
América del Norte219Cuba
90%
Asia317Corea del Sur
86%
África29Egipto
83%
América del Norte78Jamaica
83%
África100Kenia
75%
Europa1,339Unión Soviética / Equipo Unificado
74%
África24Nigeria
70%
Oceanía1Fiyi
68%
África53Etiopía
68%
Asia94Turquía
54%
Oceanía1Tonga
53%
Asia75Kazajistán
40%

Distribución de puntuación

Porcentaje por número respondido

Porcentaje de gente con cada puntuación

Historial de tus puntuaciones

No has tomado esta prueba